[Event "La Pobla de Lillet op-B 32nd"]
[Site "La Pobla de Lillet"]
[Date "2023.08.08"]
[Round "7"]
[White "Escofet Llongueras, Joan"]
[Black "Law, Peter"]
[Result "1/2-1/2"]
[WhiteElo "1618"]
[BlackElo "1716"]
[PlyCount "104"]
[EventDate "2023.08.02"]
[EventType "swiss"]
[EventRounds "9"]
[EventCountry "ESP"]
[SourceTitle "EXT 2024"]
[Source "ChessBase"]
[SourceDate "2023.10.10"]
[SourceVersion "1"]
[SourceVersionDate "2023.10.10"]
[SourceQuality "1"]

1. c4 g6 2. Nc3 d6 3. g3 Bg7 4. Bg2 c6 5. e4 Nh6 6. d3 0-0 7. Nge2 f6 8. 0-0 e5 9. h3 Qe7 10. Be3 Be6 11. Qd2 Nf7 12. f4 f5 13. Rac1 Nd7 14. b3 Nf6 15. d4 Nh5 16. d5 Bd7 17. Kh2 c5 18. fxe5 Bxe5 19. Nf4 Nxg3 20. Kxg3 g5 21. Kh2 gxf4 22. Bxf4 Bxf4+ 23. Qxf4 Qe5 24. Qxe5 Nxe5 25. exf5 Bxf5 26. Be4 Bd7 27. Rg1+ Kh8 28. Rc2 Nf3+ 29. Bxf3 Rxf3 30. Rg3 Rxg3 31. Kxg3 Re8 32. Re2 Rxe2 33. Nxe2 Kg7 34. Kf4 Bxh3 35. Nc3 Kf6 36. Ne4+ Ke7 37. Ng5 Bf1 38. Nxh7 Bd3 39. Ng5 Bb1 40. Ne4 a6 41. Nc3 Bc2 42. Ke3 Kd8 43. Kd2 Bf5 44. a3 Kc7 45. b4 cxb4 46. axb4 b6 47. Ke3 Bc2 48. Kd4 a5 49. Nb5+ Kd7 50. bxa5 bxa5 51. c5 dxc5+ 52. Kxc5 a4 1/2-1/2

[Event "La Pobla de Lillet op-B 32nd"]
[Site "La Pobla de Lillet"]
[Date "2023.08.03"]
[Round "2"]
[White "Nogue Fajula, Joan"]
[Black "Escofet Llongueras, Joan"]
[Result "1/2-1/2"]
[WhiteElo "1829"]
[BlackElo "1618"]
[PlyCount "69"]
[EventDate "2023.08.02"]
[EventType "swiss"]
[EventRounds "9"]
[EventCountry "ESP"]
[SourceTitle "EXT 2024"]
[Source "ChessBase"]
[SourceDate "2023.10.10"]
[SourceVersion "1"]
[SourceVersionDate "2023.10.10"]
[SourceQuality "1"]

1. d4 Nf6 2. Nf3 g6 3. e3 Bg7 4. b4 a5 5. b5 c5 6. bxc6 bxc6 7. c4 0-0 8. Ba3 Na6 9. Nc3 c5 10. Rb1 cxd4 11. exd4 d6 12. Be2 Bf5 13. Rb3 Rb8 14. 0-0 Ne4 15. Nb5 a4 16. Rb1 Qa5 17. Bd3 Nc3 18. Nxc3 Qxc3 19. Bxf5 Qxa3 20. Bd7 Qxa2 21. Bb5 Nc7 22. Qxa4 Qxa4 23. Bxa4 Ne6 24. d5 Nc5 25. Bb5 Ra8 26. Rfe1 Bf6 27. g4 h6 28. h4 g5 29. hxg5 hxg5 30. Rbd1 Ra3 31. Nd4 Nd3 32. Re3 Bxd4 33. Rexd3 Rxd3 34. Rxd3 Be5 35. Re3 1/2-1/2

[Event "Barcelona Sant Marti op 21st"]
[Site "Barcelona"]
[Date "2019.07.16"]
[Round "4"]
[White "Ribera Veganzones, Josep Maria"]
[Black "Escofet Llongueras, Joan"]
[Result "1-0"]
[WhiteElo "1962"]
[BlackElo "1674"]
[PlyCount "61"]
[EventDate "2019.07.13"]
[EventType "swiss"]
[EventRounds "9"]
[EventCountry "ESP"]
[SourceTitle "EXT 2020"]
[Source "ChessBase"]
[SourceDate "2019.10.17"]
[SourceVersion "1"]
[SourceVersionDate "2019.10.17"]
[SourceQuality "1"]

1. e4 e6 2. d4 d5 3. Nd2 Nf6 4. e5 Nfd7 5. Bd3 c5 6. c3 Nc6 7. Ne2 Qb6 8. Nf3 cxd4 9. cxd4 Bb4+ 10. Bd2 Bxd2+ 11. Qxd2 Qb4 12. 0-0 Qxd2 13. Nxd2 Nb4 14. Bb1 b6 15. Nf4 Ba6 16. Rc1 Ke7 17. a3 Rac8 18. Rxc8 Rxc8 19. Bxh7 Nc2 20. Bxc2 Rxc2 21. Nf3 Rxb2 22. h4 Bc4 23. g4 b5 24. h5 Nb6 25. g5 Rb3 26. h6 gxh6 27. gxh6 Kf8 28. Kg2 Bd3 29. Nxd3 Rxd3 30. h7 Kg7 31. Rh1 1-0

[Event "La Pobla de Lillet op-B 28th"]
[Site "La Pobla de Lillet"]
[Date "2018.08.06"]
[Round "6"]
[White "Febrero Perez, Lluis"]
[Black "Escofet Llongueras, Joan"]
[Result "0-1"]
[WhiteElo "1515"]
[BlackElo "1681"]
[PlyCount "110"]
[EventDate "2018.08.01"]
[EventType "swiss"]
[EventRounds "9"]
[EventCountry "ESP"]
[SourceTitle "CBM 185 Extra"]
[Source "ChessBase"]
[SourceDate "2018.07.29"]
[SourceVersion "1"]
[SourceVersionDate "2018.07.29"]
[SourceQuality "1"]

1. e4 e6 2. d4 d5 3. e5 c5 4. c3 Nc6 5. Nf3 Qb6 6. a3 Bd7 7. Be2 Rc8 8. 0-0 a5 9. a4 Nge7 10. Na3 cxd4 11. cxd4 Nf5 12. Nc2 Nb4 13. Ne3 Nxe3 14. Bxe3 Nc2 15. Rc1 Nxe3 16. Rxc8+ Bxc8 17. Bb5+ Bd7 18. Bxd7+ Kxd7 19. fxe3 Be7 20. Ne1 f5 21. exf6 Bxf6 22. Nd3 Re8 23. Qh5 h6 24. Ne5+ Bxe5 25. Qxe5 Re7 26. Rc1 Qd6 27. Qh5 Qb4 28. Qh4 Qxa4 29. Rc7+ Kxc7 30. Qxe7+ Qd7 31. Qc5+ Kb8 32. Qxa5 Qc7 33. Qe1 Qc2 34. b4 Qc7 35. g4 e5 36. Kg2 Qc2+ 37. Kh3 exd4 38. exd4 Qd3+ 39. Qg3+ Qxg3+ 40. Kxg3 g5 41. Kf3 Kc7 42. Ke3 Kb6 43. Kd3 Kb5 44. Kc3 Ka4 45. b5 Kxb5 46. Kb3 Ka5 47. Ka3 Kb5 48. Kb3 b6 49. h3 Ka5 50. Ka3 b5 51. Kb3 b4 52. Kb2 Ka4 53. Ka2 b3+ 54. Kb2 Kb4 55. Kb1 Kc3 0-1

[Event "Barcelona Sant Marti op-B 20th"]
[Site "Barcelona"]
[Date "2018.07.20"]
[Round "8"]
[White "Santolaria Pena, Manel"]
[Black "Escofet Llongueras, Joan"]
[Result "0-1"]
[WhiteElo "1694"]
[BlackElo "1623"]
[PlyCount "34"]
[EventDate "2018.07.13"]
[EventType "swiss"]
[EventRounds "9"]
[EventCountry "ESP"]
[SourceTitle "EXT 2019"]
[Source "ChessBase"]
[SourceDate "2018.10.10"]
[SourceVersion "1"]
[SourceVersionDate "2018.10.10"]
[SourceQuality "1"]

1. d4 Nf6 2. Nf3 g6 3. Nc3 d5 4. Ne5 Bg7 5. Bf4 Nh5 6. Bg3 c6 7. Qd2 Nd7 8. f4 Nxg3 9. hxg3 f6 10. Nf3 e5 11. dxe5 fxe5 12. fxe5 Nxe5 13. 0-0-0 Nc4 14. Qe1 Qb6 15. b3 Qe3+ 16. Kb1 Bxc3 17. Rd3 Na3# 0-1

[Event "Barcelona Sant Marti op-B 19th"]
[Site "Barcelona"]
[Date "2017.07.18"]
[Round "6"]
[White "Febrero Perez, Lluis"]
[Black "Escofet Llongueras, Joan"]
[Result "1/2-1/2"]
[WhiteElo "1488"]
[BlackElo "1676"]
[PlyCount "62"]
[EventDate "2017.07.13"]
[EventType "swiss"]
[EventRounds "9"]
[EventCountry "ESP"]
[SourceTitle "EXT 2018"]
[Source "ChessBase"]
[SourceDate "2017.10.13"]
[SourceVersion "1"]
[SourceVersionDate "2017.10.13"]
[SourceQuality "1"]

1. e4 e6 2. d4 d5 3. e5 c5 4. c3 Nc6 5. Nf3 Qb6 6. a3 Bd7 7. Be2 f6 8. 0-0 Be7 9. b4 c4 10. a4 a6 11. a5 Qc7 12. Bf4 f5 13. Na3 Na7 14. Nc2 Nb5 15. Qd2 h6 16. h3 Qd8 17. Nh2 g5 18. Bh5+ Kf8 19. Bg3 Be8 20. Bxe8 Qxe8 21. f4 Qg6 22. Na3 gxf4 23. Bxf4 Bg5 24. Nxb5 Bxf4 25. Qxf4 axb5 26. Nf3 Ne7 27. Nh4 Qg5 28. Ra2 Rg8 29. Kh2 Ng6 30. Nxg6+ Rxg6 31. g4 Qxf4+ 1/2-1/2

[Event "Barcelona Sant Marti op-B 19th"]
[Site "Barcelona"]
[Date "2017.07.15"]
[Round "3"]
[White "Escofet Llongueras, Joan"]
[Black "Martinez Navarro, Miquel"]
[Result "1-0"]
[WhiteElo "1676"]
[BlackElo "1547"]
[PlyCount "113"]
[EventDate "2017.07.13"]
[EventType "swiss"]
[EventRounds "9"]
[EventCountry "ESP"]
[SourceTitle "EXT 2018"]
[Source "ChessBase"]
[SourceDate "2017.10.13"]
[SourceVersion "1"]
[SourceVersionDate "2017.10.13"]
[SourceQuality "1"]

1. c4 c5 2. Nc3 Nc6 3. g3 b6 4. Bg2 Bb7 5. e4 g6 6. Nge2 Bg7 7. 0-0 Rb8 8. d3 Nf6 9. h3 0-0 10. Be3 e5 11. Qd2 Nd4 12. Bg5 Qc8 13. Nxd4 cxd4 14. Nb5 a6 15. Nd6 Qc7 16. Nxb7 Qxb7 17. Bh6 Qc6 18. Bxg7 Kxg7 19. Qg5 Qd6 20. f4 h6 21. fxe5 hxg5 22. exd6 Rfe8 23. Rae1 Re5 24. Bf3 Rc8 25. b4 Rc6 26. a4 Rxd6 27. Rc1 Rc6 28. Rc2 d6 29. Rcf2 Ng8 30. Bg4 f6 31. Rb2 Ne7 32. b5 axb5 33. axb5 Rc7 34. Rbf2 Ng8 35. Ra2 Ne7 36. Ra6 Rb7 37. Rfa1 Rc5 38. Ra8 Rcc7 39. Rd8 f5 40. Bf3 Rd7 41. Rda8 Kf7 42. exf5 d5 43. fxg6+ Kxg6 44. Bg4 Rd6 45. Bf3 Rdd7 46. R1a6 Kf7 47. Bh5+ Kg7 48. Bg4 Rdc7 49. Bf3 Kf7 50. Rh8 Kg7 51. Rd8 Rd7 52. Rxd7 Rxd7 53. Rxb6 dxc4 54. dxc4 d3 55. c5 d2 56. Rd6 Rc7 57. c6 1-0

[Event "Barcelona Sant Marti op-B 19th"]
[Site "Barcelona"]
[Date "2017.07.13"]
[Round "1"]
[White "Escofet Llongueras, Joan"]
[Black "Espinosa Cebrian, Carlos"]
[Result "0-1"]
[WhiteElo "1676"]
[BlackElo "1921"]
[PlyCount "52"]
[EventDate "2017.07.13"]
[EventType "swiss"]
[EventRounds "9"]
[EventCountry "ESP"]
[SourceTitle "EXT 2018"]
[Source "ChessBase"]
[SourceDate "2017.10.13"]
[SourceVersion "1"]
[SourceVersionDate "2017.10.13"]
[SourceQuality "1"]

1. c4 f5 2. Nc3 Nf6 3. g3 e5 4. Bg2 c6 5. d3 Bc5 6. e3 Qe7 7. Nge2 d6 8. 0-0 0-0 9. d4 Bb6 10. d5 Bd7 11. b4 a5 12. Na4 Bc7 13. a3 b5 14. dxc6 bxa4 15. cxd7 Ra6 16. b5 Rb6 17. Bd2 e4 18. Bxa5 Rb7 19. Bb4 Nbxd7 20. Qxa4 Ne5 21. Rfd1 Nxc4 22. Qa6 Bb8 23. Nd4 Qf7 24. Rac1 Rb6 25. Qa8 Ba7 26. Qxf8+ Kxf8 0-1

[Event "Barcelona Sant Marti op-B 18th"]
[Site "Barcelona"]
[Date "2016.07.21"]
[Round "9.19"]
[White "Escofet Llongueras, Joan"]
[Black "Gonzalez Moreno, Antoni"]
[Result "1/2-1/2"]
[WhiteElo "1716"]
[BlackElo "1822"]
[PlyCount "52"]
[EventDate "2016.07.13"]
[EventType "swiss"]
[EventRounds "9"]
[EventCountry "ESP"]
[SourceTitle "EXT 2024"]
[Source "ChessBase"]
[SourceDate "2023.10.10"]
[SourceVersion "1"]
[SourceVersionDate "2023.10.10"]
[SourceQuality "1"]

1. c4 c5 2. Nc3 Nc6 3. g3 g6 4. Bg2 Bg7 5. e4 Nf6 6. Nge2 d6 7. 0-0 0-0 8. d4 cxd4 9. Nxd4 Nxd4 10. Qxd4 Ng4 11. Qd3 Ne5 12. Qe2 a6 13. h3 Bd7 14. f4 Nc6 15. Be3 e6 16. Rad1 Qc7 17. Na4 Nd4 18. Bxd4 Bxd4+ 19. Rxd4 Bxa4 20. Rc1 Qc5 21. Qf2 Rad8 22. Rd2 Qc7 23. b3 Bc6 24. Rcd1 Rd7 25. Rd3 b5 26. c5 Rfd8 1/2-1/2

[Event "Barcelona Sant Marti op-B 18th"]
[Site "Barcelona"]
[Date "2016.07.15"]
[Round "3.15"]
[White "Escofet Llongueras, Joan"]
[Black "Palacios Pena, Gerardo"]
[Result "1/2-1/2"]
[WhiteElo "1716"]
[BlackElo "1903"]
[PlyCount "100"]
[EventDate "2016.07.13"]
[EventType "swiss"]
[EventRounds "9"]
[EventCountry "ESP"]
[SourceTitle "EXT 2024"]
[Source "ChessBase"]
[SourceDate "2023.10.10"]
[SourceVersion "1"]
[SourceVersionDate "2023.10.10"]
[SourceQuality "1"]

1. c4 c6 2. Nc3 d5 3. cxd5 cxd5 4. d4 Nf6 5. g3 Bf5 6. Bg2 e6 7. Nf3 Nc6 8. a3 Be7 9. 0-0 0-0 10. Nh4 Bg4 11. h3 Bh5 12. Bf3 Bxf3 13. Nxf3 a6 14. e3 b5 15. b4 Qb6 16. Qd3 Rfc8 17. Bb2 Rab8 18. Na2 Ne4 19. Rfc1 Nd6 20. Rc2 Nc4 21. Rac1 h6 22. Nd2 Nxd2 23. Qxd2 Na7 24. Rc3 Qb7 25. R1c2 Rxc3 26. Rxc3 Rc8 27. Nc1 Rc4 28. Nb3 Nc6 29. Qd3 Qc7 30. Nd2 Rxc3 31. Qxc3 Qb6 32. Nb3 Na7 33. Na5 Bf8 34. Qc2 Qb8 35. Qc3 Qc8 36. Qxc8 Nxc8 37. Nb7 Na7 38. Nc5 Bxc5 39. dxc5 Nc6 40. Bc3 f6 41. Kg2 Kf7 42. Kf3 e5 43. Ke2 Ke6 44. g4 g6 45. f4 g5 46. Kd3 e4+ 47. Ke2 Ke7 48. Kf2 Kf7 49. Kg3 Ke7 50. Kf2 Kf7 1/2-1/2

[Event "Barcelona Sant Marti op-B 18th"]
[Site "Barcelona"]
[Date "2016.07.14"]
[Round "2.24"]
[White "Madrid Sole, Antonio"]
[Black "Escofet Llongueras, Joan"]
[Result "1/2-1/2"]
[WhiteElo "1865"]
[BlackElo "1716"]
[PlyCount "96"]
[EventDate "2016.07.13"]
[EventType "swiss"]
[EventRounds "9"]
[EventCountry "ESP"]
[SourceTitle "EXT 2024"]
[Source "ChessBase"]
[SourceDate "2023.10.10"]
[SourceVersion "1"]
[SourceVersionDate "2023.10.10"]
[SourceQuality "1"]

1. d4 Nf6 2. Nf3 g6 3. e3 Bg7 4. Bd3 d5 5. 0-0 0-0 6. Nbd2 Nc6 7. c3 Nd7 8. e4 dxe4 9. Nxe4 Nf6 10. Ng3 e5 11. dxe5 Ng4 12. Bg5 Qd5 13. Be4 Qxd1 14. Raxd1 Ngxe5 15. Nxe5 Nxe5 16. Bd5 c6 17. Bb3 Re8 18. f4 Ng4 19. f5 Ne5 20. fxg6 hxg6 21. Ne4 Be6 22. Bxe6 Rxe6 23. Nc5 Ree8 24. Nxb7 Reb8 25. Nd6 Rxb2 26. Bf4 f6 27. Bxe5 fxe5 28. Nc4 Rxa2 29. Rd6 e4 30. Rxc6 Bxc3 31. Rxg6+ Kh7 32. Re6 Bd4+ 33. Kh1 Rf8 34. Re7+ Kg6 35. Rb1 Rb8 36. Rf1 Rf2 37. Re1 Rb4 38. Nd6 Rbb2 39. R7xe4 Rxg2 40. Rxd4 Rxh2+ 41. Kg1 Rhg2+ 42. Kh1 Rh2+ 43. Kg1 Rhg2+ 44. Kh1 Rh2+ 45. Kg1 Rhg2+ 46. Kh1 Rh2+ 47. Kg1 Rhg2+ 48. Kh1 Rh2+ 1/2-1/2

[Event "Barcelona Sant Marti op-B 17th"]
[Site "Barcelona"]
[Date "2015.07.19"]
[Round "7"]
[White "Escofet Llongueras, Joan"]
[Black "Martinez Hernandez, Emili"]
[Result "0-1"]
[WhiteElo "1921"]
[BlackElo "2018"]
[PlyCount "102"]
[EventDate "2015.07.13"]
[EventType "swiss"]
[EventRounds "9"]
[EventCountry "ESP"]
[SourceTitle "EXT 2016"]
[Source "ChessBase"]
[SourceDate "2015.10.08"]
[SourceVersion "1"]
[SourceVersionDate "2015.10.08"]
[SourceQuality "1"]

1. c4 f5 2. Nc3 Nf6 3. g3 e6 4. Bg2 c6 5. d4 d5 6. cxd5 exd5 7. Nf3 Bd6 8. 0-0 0-0 9. e3 Nbd7 10. b3 Ne4 11. Bb2 a5 12. Rc1 Qe7 13. Ne2 Ng5 14. Nxg5 Qxg5 15. Nf4 Qe7 16. Qd2 Nf6 17. f3 Bd7 18. Nd3 a4 19. Ne5 axb3 20. axb3 Ra2 21. Ra1 Rfa8 22. Rxa2 Rxa2 23. Ra1 Rxa1+ 24. Bxa1 Be8 25. Qc2 g6 26. Kf2 Qd8 27. Qa2 Qb8 28. Nd3 h5 29. Nc5 Kg7 30. Bc3 Nd7 31. Nd3 h4 32. f4 hxg3+ 33. hxg3 Nf6 34. Bf3 Qc8 35. Bb4 Bxb4 36. Nxb4 Bf7 37. Nd3 Qh8 38. Kg1 Ne4 39. Ne5 Nxg3 40. Qa3 Qe8 41. Qd6 Ne4 42. Qc7 g5 43. Qxb7 g4 44. Bxe4 dxe4 45. Nxc6 Qe6 46. b4 Qb3 47. Kf2 Qc2+ 48. Ke1 Qc3+ 49. Kd1 Qd3+ 50. Kc1 Qxe3+ 51. Kb1 g3 0-1

[Event "Barcelona Sant Marti op-B 16th"]
[Site "Barcelona"]
[Date "2014.07.19"]
[Round "7"]
[White "Escofet Llongueras, Joan"]
[Black "Pascual Gonzalez, Novelles David"]
[Result "0-1"]
[WhiteElo "1947"]
[BlackElo "1855"]
[PlyCount "60"]
[EventDate "2014.07.13"]
[EventType "swiss"]
[EventRounds "9"]
[EventCountry "ESP"]
[SourceTitle "CBM 161 Extra"]
[Source "ChessBase"]
[SourceDate "2014.08.29"]
[SourceVersion "1"]
[SourceVersionDate "2014.08.29"]
[SourceQuality "1"]

1. c4 e5 2. Nc3 Nf6 3. g3 d6 4. Bg2 Be7 5. e4 0-0 6. Nge2 c5 7. 0-0 a6 8. f4 exf4 9. gxf4 Nbd7 10. d4 Rb8 11. Nd5 Nxd5 12. cxd5 cxd4 13. Nxd4 Bf6 14. Kh1 g6 15. b3 Bg7 16. Bb2 Nf6 17. Ne2 Ng4 18. Bxg7 Kxg7 19. Ng3 Kg8 20. Qd4 Qh4 21. h3 Qxg3 22. hxg4 Bxg4 23. Qf6 Bh3 24. Rg1 Bxg2+ 25. Rxg2 Qh3+ 26. Kg1 Qe3+ 27. Kh2 Qxe4 28. Rag1 Rbc8 29. Qxd6 Rcd8 30. Qf6 Rxd5 0-1

[Event "Barcelona Sant Marti op-B 16th"]
[Site "Barcelona"]
[Date "2014.07.15"]
[Round "3"]
[White "Delgado Camara, Lluis Felix"]
[Black "Escofet Llongueras, Joan"]
[Result "0-1"]
[WhiteElo "2047"]
[BlackElo "1947"]
[PlyCount "60"]
[EventDate "2014.07.13"]
[EventType "swiss"]
[EventRounds "9"]
[EventCountry "ESP"]
[SourceTitle "CBM 161 Extra"]
[Source "ChessBase"]
[SourceDate "2014.08.29"]
[SourceVersion "1"]
[SourceVersionDate "2014.08.29"]
[SourceQuality "1"]

1. e4 e6 2. d4 d5 3. Nc3 Nf6 4. Bg5 Be7 5. e5 Nfd7 6. h4 a6 7. Qg4 h5 8. Qf4 c5 9. 0-0-0 cxd4 10. Nxd5 Bxg5 11. hxg5 Nc6 12. Nf3 exd5 13. e6 fxe6 14. Bd3 Nf8 15. Rhe1 Qe7 16. Ne5 Bd7 17. Ng6 Nxg6 18. Bxg6+ Kd8 19. Qg3 Be8 20. Bf5 Bd7 21. f4 Qd6 22. Bh3 Kc7 23. Qf2 Rhf8 24. g3 Rae8 25. Qf3 h4 26. Qg2 hxg3 27. Rf1 Rxf4 28. Rfe1 Rf2 29. Qg1 Rh8 30. Bxe6 Rhh2 0-1

[Event "Barcelona Sant Marti op-B 16th"]
[Site "Barcelona"]
[Date "2014.07.13"]
[Round "1"]
[White "Izquierdo Pujol, Pol"]
[Black "Escofet Llongueras, Joan"]
[Result "0-1"]
[WhiteElo "1721"]
[BlackElo "1947"]
[PlyCount "66"]
[EventDate "2014.07.13"]
[EventType "swiss"]
[EventRounds "9"]
[EventCountry "ESP"]
[SourceTitle "CBM 161 Extra"]
[Source "ChessBase"]
[SourceDate "2014.08.29"]
[SourceVersion "1"]
[SourceVersionDate "2014.08.29"]
[SourceQuality "1"]

1. e4 e6 2. d4 d5 3. e5 c5 4. c3 Nc6 5. Nf3 Qb6 6. Be2 Bd7 7. 0-0 f5 8. b3 Rc8 9. Be3 a6 10. c4 cxd4 11. Bxd4 Nxd4 12. Nxd4 Bc5 13. Nf3 Ne7 14. cxd5 Nxd5 15. Nbd2 0-0 16. Nc4 Qd8 17. Rc1 Bc6 18. Nd4 Re8 19. f4 b5 20. Na5 Bxd4+ 21. Qxd4 Qxa5 22. g4 Qb6 23. Qxb6 Nxb6 24. gxf5 exf5 25. Rce1 Be4 26. Kf2 Rc2 27. Ke3 Nd5+ 28. Kd4 Rd8 29. Bf3 Nxf4+ 30. Ke3 Ng2+ 31. Bxg2 Rxg2 32. Re2 Rxe2+ 33. Kxe2 Bd3+ 0-1

[Event "Barcelona Sant Marti op-B 15th"]
[Site "Barcelona"]
[Date "2013.07.13"]
[Round "1"]
[White "Riu Lopez, Sergio"]
[Black "Escofet Llongueras, Joan"]
[Result "1-0"]
[WhiteElo "1503"]
[BlackElo "1793"]
[PlyCount "115"]
[EventDate "2013.07.13"]
[EventType "swiss"]
[EventRounds "9"]
[EventCountry "ESP"]
[SourceTitle "CBM 155 Extra"]
[Source "ChessBase"]
[SourceDate "2013.08.26"]
[SourceVersion "1"]
[SourceVersionDate "2013.08.26"]
[SourceQuality "1"]

1. e4 e6 2. d4 d5 3. e5 c5 4. c3 Nc6 5. Nf3 Qb6 6. a3 Bd7 7. b4 cxd4 8. cxd4 a6 9. Nc3 Rc8 10. Bb2 Na7 11. Rc1 Ne7 12. Be2 Nb5 13. Nxb5 Bxb5 14. Rxc8+ Nxc8 15. 0-0 Be7 16. Qd2 Na7 17. Rc1 Bxe2 18. Qxe2 Kd7 19. Qc2 Rc8 20. Qa4+ Qb5 21. Qxb5+ Nxb5 22. Rxc8 Kxc8 23. Kf1 f6 24. Ke2 Kd7 25. Kd3 Na7 26. g4 Nc8 27. Kc3 b5 28. Nd2 Nb6 29. Nb3 fxe5 30. dxe5 Na4+ 31. Kc2 Bg5 32. Bc1 Be7 33. f4 Nb6 34. Kc3 Nc4 35. Kd4 Kc6 36. h3 Bh4 37. Kd3 Bf2 38. Nd4+ Kd7 39. Nf3 h6 40. Nd2 Be3 41. Nb3 Bf2 42. Ke2 Bg1 43. Kf1 Bb6 44. Ke2 a5 45. bxa5 Nxa5 46. Nxa5 Bxa5 47. Bd2 Bd8 48. Kd3 Kc6 49. f5 Kd7 50. Bb4 Bh4 51. Bf8 Be7 52. Bxg7 exf5 53. gxf5 Bxa3 54. Bxh6 Bb2 55. Bf4 b4 56. Kc2 Bc3 57. e6+ Ke8 58. Bd2 1-0

[Event "Malaga op 13th"]
[Site "Malaga"]
[Date "2010.02.26"]
[Round "8"]
[White "Medina Menendez, Eduardo Matias"]
[Black "Escofet Llongueras, Joan"]
[Result "1-0"]
[WhiteElo "2109"]
[BlackElo "1868"]
[PlyCount "79"]
[EventDate "2010.02.20"]
[EventType "swiss"]
[EventRounds "9"]
[EventCountry "ESP"]
[SourceTitle "CBM 135 Extra"]
[Source "ChessBase"]
[SourceDate "2010.05.04"]
[SourceVersion "1"]
[SourceVersionDate "2010.05.04"]
[SourceQuality "1"]

1. Nf3 Nf6 2. g3 g6 3. Bg2 Bg7 4. 0-0 0-0 5. c4 c5 6. Nc3 Nc6 7. d4 cxd4 8. Nxd4 a6 9. Nxc6 bxc6 10. e4 Qc7 11. Re1 d6 12. c5 Bb7 13. Bf4 Rfd8 14. Qb3 Nh5 15. Be3 Rab8 16. cxd6 exd6 17. Bb6 Qe7 18. Bxd8 Qxd8 19. Rad1 Qc7 20. Rd3 Bc8 21. Qa3 Bf8 22. b3 Nf6 23. Qc1 Bb7 24. Qg5 Bg7 25. Red1 Ne8 26. h4 Bc8 27. h5 h6 28. Qf4 g5 29. Qe3 Be6 30. Ne2 c5 31. f4 Bg4 32. Bf3 Bxf3 33. Qxf3 Qe7 34. Re3 Rb4 35. a3 g4 36. Qg2 Rb8 37. Kh2 Nf6 38. e5 Nxh5 39. Rxd6 f6 40. Qd5+ 1-0

[Event "Malaga op 13th"]
[Site "Malaga"]
[Date "2010.02.25"]
[Round "7"]
[White "Penalonga Sweers, Angel"]
[Black "Escofet Llongueras, Joan"]
[Result "1-0"]
[WhiteElo "2082"]
[BlackElo "1868"]
[PlyCount "43"]
[EventDate "2010.02.20"]
[EventType "swiss"]
[EventRounds "9"]
[EventCountry "ESP"]
[SourceTitle "CBM 135 Extra"]
[Source "ChessBase"]
[SourceDate "2010.05.04"]
[SourceVersion "1"]
[SourceVersionDate "2010.05.04"]
[SourceQuality "1"]

1. e4 e6 2. d4 d5 3. e5 c5 4. c3 Nc6 5. Nf3 Qb6 6. a3 Bd7 7. b4 cxd4 8. cxd4 Rc8 9. Be3 f5 10. Bd3 a6 11. 0-0 Na7 12. Re1 Bb5 13. Bc2 Qc7 14. Ra2 Bc4 15. Rb2 b5 16. g4 g6 17. gxf5 gxf5 18. Ng5 Qg7 19. Kh1 Kd7 20. Rg1 Qg6 21. Qf3 h6 22. Nxe6 1-0

[Event "Malaga op 13th"]
[Site "Malaga"]
[Date "2010.02.20"]
[Round "1"]
[White "Camacho Collados, Marcos"]
[Black "Escofet Llongueras, Joan"]
[Result "1-0"]
[WhiteElo "2284"]
[BlackElo "1868"]
[PlyCount "67"]
[EventDate "2010.02.20"]
[EventType "swiss"]
[EventRounds "9"]
[EventCountry "ESP"]
[SourceTitle "CBM 135 Extra"]
[Source "ChessBase"]
[SourceDate "2010.05.04"]
[SourceVersion "1"]
[SourceVersionDate "2010.05.04"]
[SourceQuality "1"]

1. e4 e6 2. d3 d5 3. Nd2 c5 4. Ngf3 Nc6 5. g3 Nf6 6. Bg2 Be7 7. 0-0 0-0 8. e5 Nd7 9. Re1 Qc7 10. Qe2 b5 11. Nf1 Bb7 12. h4 d4 13. N1h2 Nb6 14. h5 Rad8 15. h6 g6 16. Ng4 Nd5 17. Bg5 Bxg5 18. Nxg5 Qe7 19. Qd2 c4 20. Bxd5 exd5 21. Nf6+ Kh8 22. Ngxh7 Bc8 23. Nxf8 Rxf8 24. Nxd5 Qe6 25. Qf4 f5 26. Nc7 Qe7 27. Nxb5 g5 28. Qf3 Nb4 29. Nxd4 Bb7 30. Qe2 Qd7 31. e6 Qxd4 32. dxc4 Qf6 33. Qe5 Be4 34. e7 1-0

[Event "Palma de Mallorca op 4th"]
[Site "Palma de Mallorca"]
[Date "2009.11.25"]
[Round "6"]
[White "Escofet Llongueras, Joan"]
[Black "Milian Calatayud, Jose Luis"]
[Result "1-0"]
[WhiteElo "1865"]
[BlackElo "1728"]
[PlyCount "61"]
[EventDate "2009.11.21"]
[EventType "swiss"]
[EventRounds "9"]
[EventCountry "ESP"]
[SourceTitle "EXT 2011"]
[Source "ChessBase"]
[SourceDate "2010.11.26"]
[SourceVersion "1"]
[SourceVersionDate "2010.11.26"]
[SourceQuality "1"]

1. c4 c5 2. Nc3 Nf6 3. g3 Nc6 4. Bg2 b6 5. e4 e5 6. Nge2 Bb7 7. d3 Be7 8. 0-0 0-0 9. Nd5 Nxd5 10. exd5 Nd4 11. d6 Nf3+ 12. Bxf3 Bxf3 13. dxe7 Qxe7 14. h3 h5 15. Qe1 f5 16. Kh2 f4 17. Nxf4 Qf7 18. Ng2 Bxg2 19. Kxg2 Qf3+ 20. Kh2 Qxd3 21. b3 h4 22. Bg5 hxg3+ 23. fxg3 Rf5 24. Rd1 Rxf1 25. Qxf1 Qg6 26. Qd3 Qxd3 27. Rxd3 Rf8 28. Kg2 Rf7 29. Rd5 Kh7 30. Rxe5 Kg6 31. Bf4 1-0

[Event "Palma de Mallorca op 4th"]
[Site "Palma de Mallorca"]
[Date "2009.11.22"]
[Round "2"]
[White "Pastor Alonso de Prado, Emilio Alberto"]
[Black "Escofet Llongueras, Joan"]
[Result "1/2-1/2"]
[WhiteElo "2188"]
[BlackElo "1865"]
[PlyCount "87"]
[EventDate "2009.11.21"]
[EventType "swiss"]
[EventRounds "9"]
[EventCountry "ESP"]
[SourceTitle "EXT 2011"]
[Source "ChessBase"]
[SourceDate "2010.11.26"]
[SourceVersion "1"]
[SourceVersionDate "2010.11.26"]
[SourceQuality "1"]

1. e4 e6 2. d4 d5 3. Nd2 Nf6 4. Bd3 Be7 5. Ngf3 0-0 6. Qe2 dxe4 7. Nxe4 Nbd7 8. 0-0 Nxe4 9. Qxe4 Nf6 10. Qh4 g6 11. Re1 h5 12. Bg5 Nd5 13. Rad1 Bxg5 14. Nxg5 Kg7 15. c4 Nf6 16. Qf4 Qd6 17. Qc1 b6 18. Be4 Nxe4 19. Nxe4 Qb4 20. a3 Qe7 21. Qc3 f6 22. f4 Bb7 23. Ng3 Qd6 24. Nf1 Rae8 25. Qg3 c5 26. d5 exd5 27. Ne3 Qd7 28. cxd5 Re4 29. f5 g5 30. Qf3 Rfe8 31. Qxh5 Qf7 32. Qxf7+ Kxf7 33. Kf2 Rd8 34. Rd2 Rd4 35. Red1 Rf4+ 36. Kg3 Re4 37. Ng4 Bc8 38. Rf1 Rd4 39. Rxd4 cxd4 40. Rd1 Rxd5 41. Ne3 Re5 42. Nc4 Rd5 43. Ne3 Re5 44. Nc4 1/2-1/2